| 000 | 00737nam a2200277 a 4500 | ||
|---|---|---|---|
| 003 | AR-BaBNM | ||
| 005 | 20251128210015.0 | ||
| 008 | 082120s2002 ||||||||||||||000 | spa|| | ||
| 020 | _a84-329-8633-x | ||
| 040 | _cAR-BaBNM | ||
| 100 | 1 | _aBru, Bernadette | |
| 245 | 0 | 0 | _aComo improvisar cuentos |
| 260 |
_aBarcelona _bEdiciones Ceac _c1995 |
||
| 300 | _a140 p. | ||
| 490 | 0 | _aEducación y enseñanza | |
| 650 | 4 | _aCUENTO [FORMA Y GENERO LITERARIO] | |
| 650 | 4 | _aNARRACION DE CUENTOS | |
| 650 | 4 | _aIMPROVISACION | |
| 650 | 4 | _aEDUCACION DEL NIÑO | |
| 650 | 4 | _aTECNICAS DIDACTICAS | |
| 650 | 4 | _aMOTIVACION DEL ALUMNO | |
| 700 | 1 | _aBru, Charles | |
| 800 | 1 |
_aSarramona, Jaume _edirector |
|
| 942 | _cBK | ||
| 998 | _cRaquel | ||
| 999 |
_c13678 _d13678 |
||